|
|
|
|
| LEADER |
01220nam a2200301 u 4500 |
| 001 |
10082444 |
| 003 |
upatras |
| 005 |
20210117202337.0 |
| 008 |
091211s2006 fr fre |
| 020 |
|
|
|a 2200346654
|
| 040 |
|
|
|a ΠΑΝΕΠΙΣΤΗΜΙΟ ΠΑΤΡΑΣ
|c ΠΑΝΕΠΙΣΤΗΜΙΟ ΠΑΤΡΑΣ
|
| 041 |
0 |
|
|a fre
|
| 082 |
0 |
4 |
|a 370.117
|
| 100 |
1 |
|
|a Lenoir, Yves
|d 1942-
|9 83941
|
| 245 |
1 |
0 |
|a Ecole et citoyennete
|b un defi multiculturel
|c sous la direction de Yves Lenoir, Constantin Xypas, Christian Jamet; preface de Dominique Schnapper
|
| 260 |
|
|
|a Paris
|b Armand Colin
|c 2006
|
| 300 |
|
|
|a xviii, 264 p.
|c 24 cm.
|
| 490 |
0 |
|
|a Societales
|
| 504 |
|
|
|a Includes bibliographical references and index
|
| 650 |
|
4 |
|a Διαπολιτισμική εκπαίδευση
|9 25604
|
| 700 |
1 |
|
|a Xypas, Constantin
|9 83942
|
| 700 |
1 |
|
|a Jamet, Christian
|d 1953-
|9 83943
|
| 760 |
0 |
|
|a Societales
|
| 852 |
|
|
|a GR-PaULI
|b ΠΑΤΡΑ
|b ΠΤΔΕ
|k ΑΣΧΞ
|h 370.117 LEN
|m 10732
|p 025000172582
|t 1
|
| 942 |
|
|
|2 ddc
|c BK15
|
| 952 |
|
|
|0 0
|1 0
|4 0
|6 370_117000000000000_LEN
|7 0
|9 87312
|a PTDE
|b PTDE
|d 2016-04-24
|i 10732
|l 0
|o 370.117 LEN
|p 025000172582
|r 2016-04-24 00:00:00
|t 1
|w 2016-04-24
|y BK15
|
| 998 |
|
|
|c ΤΣΕΝΕ
|d 2009-12
|
| 999 |
|
|
|c 58223
|d 58223
|